000 00561nam a2200217Ia 4500
005 20260115172640.0
008 008 260114s9999 xx 000 0 eng d
020 _a9781447309093
037 _aEBOOK
040 _aCRL
_beng
_cCRL
041 _aeng
_2eng
084 _qCRL
100 _aSpicker
_9877129
245 0 _aReclaiming Individualism
260 _bBristol University Press
260 _bCambridge University Press
260 _c2022
856 _uhttps://doi.org/10.46692/9781447309093
942 _cEBOOK
999 _c1475734
_d1475734